000 00522nam a2200217Ia 4500
003 OSt
005 20220924144736.0
006 a|||||r|||| 00| 0
007 ta
008 220923b |||||||| |||| 00| 0 urd d
024 _a320309
037 _cTextual
040 _aARTS
_cARTS
_burd
041 _2urd
_aurd
082 _aP168:(T), F5
245 0 _aTarveek zuban-e-urdu
260 _c1925
650 _aURDU LANGUAGE - EDUCATION
942 _hP168:(T), F5
_cTEXL
_2CC
999 _c458118
_d458118